| 000 | 00356 a2200145 4500 | ||
|---|---|---|---|
| 003 | Nust | ||
| 005 | 20170207153431.0 | ||
| 040 | _cNust | ||
| 082 | _a005.1 | ||
| 100 | _aKhan , Ahmed Mansoor Capt | ||
| 245 | _aGeographical inormation system based tracking and plotting (GTrap) | ||
| 260 |
_aRawalpindi _bMCS , NUST _c2007 |
||
| 300 | _a61p | ||
| 650 | _aUG Thesis | ||
| 942 |
_2ddc _cBK |
||
| 999 |
_c186097 _d186097 |
||